En la obra con los tres cerditos /

Hlavní autor: Bartíková, Petra, 1984-
Další autoři: Májová, Alexandra, 1986-
Jazyk: Španělština
Vydáno: [Praha] : Albatros, [2020]
Edice: Enciclopedia de los cuentos de hadas
Témata:
Fyzický popis: 12 nečíslovaných stran : barevné ilustrace ; 23 cm
Knihy
Uloženo v:
LEADER 02074nam a2200565 i 4500
001 nkc20203222457
003 CZ PrNK
005 20200804100144.0
007 ta
008 200608t20202020xr a a 000 u spa
015 |a cnb003222457 
020 |a 978-80-00-05771-2  |q (Albatros ;  |q vázáno) 
035 |a (OCoLC)1200255866 
040 |a OLA001  |b cze  |e rda 
041 1 |a spa  |h cze 
072 7 |a 821-93-053.4  |x Literatura pro nejmenší děti  |2 Konspekt  |9 26 
080 |a 821-93-053.4  |2 MRF 
080 |a 69.05  |2 MRF 
080 |a 728  |2 MRF 
080 |a (0.025.2)  |2 MRF 
100 1 |a Bartíková, Petra,  |d 1984-  |7 xx0213734  |4 aut 
245 1 0 |a En la obra con los tres cerditos /  |c escrito por Petra Bartíková ; ilustrado por Alexandra Májová 
264 1 |a [Praha] :  |b Albatros,  |c [2020] 
264 4 |c ©2020 
300 |a 12 nečíslovaných stran :  |b barevné ilustrace ;  |c 23 cm 
336 |a text  |b txt  |2 rdacontent 
336 |a statický obraz  |b sti  |2 rdacontent 
337 |a bez média  |b n  |2 rdamedia 
338 |a svazek  |b nc  |2 rdacarrier 
490 1 |a Enciclopedia de los cuentos de hadas 
500 |a "Diseñado por B4U Publishing 2020, miembro de Albatros Media Group"--Zadní strana obálky 
500 |a Přeloženo z češtiny? 
500 |a Kartonové listy v pevné vazbě 
650 0 7 |a staveniště  |7 ph126090  |2 czenas 
650 0 7 |a obytné domy  |7 ph115537  |2 czenas 
650 0 9 |a building sites  |2 eczenas 
650 0 9 |a dwelling-houses  |2 eczenas 
655 7 |a leporela  |7 fd132727  |2 czenas 
655 7 |a publikace pro nejmenší děti  |7 fd1060157  |2 czenas 
655 9 |a folding picture-books  |2 eczenas 
655 9 |a publications for small children  |2 eczenas 
700 1 |a Májová, Alexandra,  |d 1986-  |7 xx0190440  |4 ill 
830 0 |a Enciclopedia de los cuentos de hadas  |0 s 
910 2 |a BOA001  |b 2-1449.328 
928 9 |a Albatros Media - B4U Publishing 
928 9 |a B4U Publishing 
990 |a BK 
995 |a 01 
991 |b 202006  |c NOV 
996 6 |b 2610827739  |c 2-1449.328  |l MZK  |r Sklad / do 1 hodiny  |n 0  |p p.v.  |w 001809691  |u 000010  |a 1  |e BOA001  |j MZK50  |s P